[Event "Capital of Siberia Open"]
[Site "Novosibirsk RUS"]
[Date "2002.07.26"]
[Round "8"]
[White "Petenev,K"]
[Black "Sisabaev,Kuanysh"]
[Result "1-0"]
[WhiteElo "2055"]
[BlackElo "2219"]

1.e4 c5 2.Nf3 e6 3.d4 cxd4 4.Nxd4 a6 5.Nc3 Qc7 6.a3 Nf6 7.g3 b5 8.Bg2 Bb7
9.O-O d6 10.Be3 Nbd7 11.Qe2 Be7 12.f4 O-O 13.Rad1 Rac8 14.g4 Nc5 15.Bc1 d5
16.exd5 Nxd5 17.Nxd5 Bxd5 18.Bxd5 exd5 19.Nf5 Ne4 20.Rxd5 Bc5+ 21.Be3 Rfe8
22.Qd3 Bxe3+ 23.Nxe3 Nf6 24.Rd4 Rxe3 25.Qxe3 Nxg4 26.Qd3 h5 27.Rd1 g6 28.Rd8+ Kh7
29.Rxc8 Qxc8 30.h3 Nh6 31.c3 Qe6 32.Kf2 Qf6 33.Qf3 Nf5 34.Rd3 Qb6+ 35.Ke2 Qg1
36.Rd2 Qc5 37.Rd5 Qc4+ 38.Kd2 Qb3 39.Kc1 Ne3 40.Rd2 Nc4 41.Rg2 Qa2 42.Qe4 Na5
43.f5 Nb3+ 44.Kc2 Na1+ 45.Kd1 Qb3+ 46.Kc1 Qa2 47.fxg6+ Kg7 48.gxf7+ Kxf7
49.Qh7+ Kf6 50.Qg7+  1-0

[Event "Lost Boys Open"]
[Site "Amsterdam NED"]
[Date "2002.07.27"]
[Round "2"]
[White "Van Haastert,E"]
[Black "Van der Spek,HP"]
[Result "1-0"]
[WhiteElo "2427"]
[BlackElo "2243"]

1.e4 c5 2.Nc3 e6 3.Nf3 a6 4.d4 cxd4 5.Nxd4 b5 6.Be3 Bb7 7.f3 d6 8.Qd2 Nf6
9.g4 h6 10.O-O-O Nbd7 11.h4 Nb6 12.Bd3 b4 13.Nce2 d5 14.e5 Nfd7 15.Nxe6 fxe6
16.Bg6+  1-0

[Event "2nd Summer Open"]
[Site "Savaria HUN"]
[Date "2002.07.27"]
[Round "3"]
[White "Balazs,At"]
[Black "Szilagyi,Z"]
[Result "0-1"]
[WhiteElo "2205"]
[BlackElo "2263"]

1.e4 c5 2.Nf3 e6 3.d4 cxd4 4.Nxd4 a6 5.Nc3 b5 6.Bd3 Bb7 7.O-O Qc7 8.Kh1 Nf6
9.a3 Be7 10.f4 d6 11.f5 e5 12.Nf3 Nbd7 13.Bg5 Rc8 14.Nd2 Qb8 15.Rf3 Qa8 16.Rg3 h5
17.Qf3 Kf8 18.Rh3 Bd8 19.g4 d5 20.Nxd5 Nxd5 21.Bxd8 Rxd8 22.exd5 Nf6 23.c4 bxc4
24.Bxc4 Rxd5  0-1

[Event "ch-IRI"]
[Site "Tehran IRI"]
[Date "2002.07.28"]
[Round "1"]
[White "Moosavian,S"]
[Black "Mohajerin,P"]
[Result "1-0"]
[WhiteElo "2205"]
[BlackElo "2291"]

1.e4 c5 2.Nf3 e6 3.d4 cxd4 4.Nxd4 a6 5.Nc3 b5 6.Bd3 Qc7 7.O-O Bb7 8.Re1 d6
9.Bg5 Nc6 10.Nd5 Qb8 11.Nxc6 Bxc6 12.c4 Bd7 13.Qh5 bxc4 14.Bxc4 exd5 15.Bxd5 g6
16.Qf3 Be6 17.Bf6 Nxf6 18.Qxf6 Rg8 19.Bxe6 Qc7 20.e5 Bg7 21.Qf3  1-0

[Event "ch-IRI"]
[Site "Tehran IRI"]
[Date "2002.07.29"]
[Round "3"]
[White "Abbasifar,H"]
[Black "Ghorbani,M"]
[Result "0-1"]
[WhiteElo "2282"]
[BlackElo "2328"]

1.e4 c5 2.Nf3 e6 3.d4 cxd4 4.Nxd4 a6 5.Nc3 Qc7 6.Be2 Bc5 7.O-O Nf6 8.Kh1 Nc6
9.Nxc6 bxc6 10.f4 d6 11.Qe1 Bd4 12.Bd3 Rb8 13.Nd1 Nd7 14.c3 Bf6 15.Ne3 Be7
16.Qg3 O-O 17.Bc2 Kh8 18.b3 d5 19.e5 f5 20.Qh3 c5 21.g4 g6 22.Kg1 d4 23.Ng2 dxc3
24.Qxc3 Nb6 25.Qh3 c4 26.Be3 Nd5 27.bxc4 Nxe3 28.Nxe3 Bc5 29.g5 Rb2 30.Rf2 Bb7
31.Bb3 Rxf2 32.Kxf2 Rd8 33.Ke2 Rd4 34.Rf1 Qa5 35.Rd1 Qc3 36.Qg3 Qb2+ 37.Ke1 Be4
38.Rxd4 Qxd4 39.Nd1 Bd3 40.Kd2 Bb4+  0-1

[Event "6th Open"]
[Site "Korinthos GRE"]
[Date "2002.07.30"]
[Round "8"]
[White "Perunovic,Mio"]
[Black "Rychagov,A"]
[Result "0-1"]
[WhiteElo "2334"]
[BlackElo "2537"]

1.e4 c5 2.Nf3 e6 3.d4 cxd4 4.Nxd4 a6 5.Nc3 b5 6.Bd3 Qb6 7.Nb3 Bb7 8.Qe2 d6
9.O-O Nf6 10.Bd2 Nbd7 11.a4 b4 12.a5 Qc7 13.Na4 d5 14.exd5 Nxd5 15.Nb6 N7xb6
16.axb6 Qxb6 17.Na5 Bd6 18.Nxb7 Qxb7 19.Bxa6 Qc7 20.Bb5+ Ke7 21.Bc4 Nf4 22.Bxf4 Bxf4
23.g3 Be5 24.Rxa8 Rxa8 25.b3 g6 26.Rd1 h5 27.Qd2 Bc3 28.Qg5+ Bf6 29.Qb5 Rb8
30.Rd7+ Qxd7 31.Qxb8 Qd2 32.Qb7+ Kf8 33.Qf3 Kg7 34.Bd3 Bd4 35.Qe2 Qg5 36.Kg2 e5
37.Qe4 Qd2 38.Qe2 Qc3 39.f4 exf4 40.gxf4 f5 41.Qe7+ Kh6 42.Qg5+ Kh7 43.Qe7+ Bg7
44.Qe2 Qd4 45.Qf2 Qd6 46.Qf3 Bc3 47.Qf2 Kh6 48.Qe3 Bd4 49.Qf3 Bb6 50.Qg3 Bc7
51.Kf3 Kh7 52.Qg5 Qd5+ 53.Ke2 Qe6+ 54.Kd2 Qd6 55.Ke3 Bb6+ 56.Kd2 Bf2 57.c3 bxc3+
58.Kxc3 Be3 59.Qg2 Bxf4 60.Qb7+ Kh6 61.h3 Qc5+ 62.Bc4 Qe3+ 63.Kb4 Qxh3 64.Qe7 Qe3
65.Qf8+ Kg5 66.Qd8+ Kg4 67.Qd1+ Kg3 68.Ka4 h4 69.b4 h3 70.b5 h2 71.Bd5 Be5
72.Qh1 Qd4+  0-1

[Event "2nd Summer Open"]
[Site "Savaria HUN"]
[Date "2002.07.30"]
[Round "6"]
[White "Szilagyi,Z"]
[Black "Berebora,F"]
[Result "0-1"]
[WhiteElo "2263"]
[BlackElo "2412"]

1.e4 c5 2.Nf3 e6 3.d4 cxd4 4.Nxd4 a6 5.Nc3 Qc7 6.Be3 Nf6 7.Bd3 b5 8.f4 b4
9.Na4 Bb7 10.Nb3 d5 11.Nb6 dxe4 12.Nxa8 Bxa8 13.Be2 Nd5 14.Qd4 Nxe3 15.Qxe3 Bd6
16.Rf1 O-O 17.O-O-O Rc8 18.Rd2 a5 19.Bb5 Bd5 20.Kb1 Nd7 21.f5 Ne5 22.f6 Ng4
23.Qg5 Nxf6 24.Ba4 h6 25.Qh4 e3 26.Rd4 Qxc2+ 27.Ka1 Be5 28.Rb1 e2 29.Rd2 Qc4
30.Qe1 Qg4 31.Rxe2 Bxh2 32.Nxa5 Bg3 33.Qd2 Ne4 34.Qd3 Nc5 35.Qc2 b3 36.axb3 Nxb3+
37.Bxb3 Rxc2 38.Bxc2 Qxe2 39.Bd1 Qa6  0-1

[Event "ch-IRI"]
[Site "Tehran IRI"]
[Date "2002.07.30"]
[Round "5"]
[White "Shaarbaf,M"]
[Black "Mahjoob,M"]
[Result "1/2-1/2"]
[WhiteElo "2259"]
[BlackElo "2352"]

1.e4 c5 2.Nf3 e6 3.d4 cxd4 4.Nxd4 a6 5.Nc3 b5 6.Bd3 Bc5 7.Be3 Qb6 8.Qg4 Bxd4
9.e5 Nc6 10.Qxg7 Bxe5 11.Qxe5 Nxe5 12.Bxb6 Bb7 13.Ne4 Bxe4 14.Bxe4 d5 15.Bd3 Nxd3+
16.cxd3 Ne7 17.Kd2 Kd7 18.Rhc1 Rhc8 19.Bc5 Nc6 20.Rc3 Rg8 21.g3 e5 22.d4 exd4
23.Rf3 Ne5 24.Rf5 Rg5 25.Rf4 Rg4 26.Rxg4 Nxg4 27.Bxd4 Nxh2 28.Rh1 Nf3+ 29.Ke3 Ng5
30.Rh5 h6 31.Rxh6 Ne6 32.Rh5 Kc6 33.Rf5 Re8 34.Kd3 Re7 35.Rf6 Kd7 36.f4 Ke8
37.Be5 a5 38.f5 Nc5+ 39.Kd4 Nd7 40.Ra6 Nxe5 41.Kxd5 f6 42.Rxf6 Nd3 43.g4 Rd7+
44.Kc6 Ne5+ 45.Kxb5 Rd5+ 46.Ka6 Nd7 47.Rh6 Kd8 48.Rh7 a4 49.b4 Rd2 50.a3 Rd3
51.g5 Rxa3 52.Rh8+ Kc7 53.Kb5 Rg3 54.g6 a3 55.Ra8 Rg5 56.Ra7+ Kd6 57.Ra6+ Kc7
58.Ra7+ Kc8 59.Kc6 Ne5+ 60.Kd6 Nxg6 61.fxg6 Rxg6+ 62.Kc5 Rg3 63.b5 Kb8 64.Ra6 Rg5+
65.Kb4 Rg3 66.Rxa3 Rxa3 67.Kxa3 Kb7  1/2-1/2

[Event "Inline Czechia Cup"]
[Site "Olomouc CZE"]
[Date "2002.08.01"]
[Round "2"]
[White "Salai,L"]
[Black "Bernasek,J"]
[Result "1/2-1/2"]
[WhiteElo "2395"]
[BlackElo "2289"]

1.e4 c5 2.Nf3 e6 3.d4 cxd4 4.Nxd4 a6 5.Nc3 b5 6.Bd3 Bb7 7.O-O Qc7 8.Qe2 Nc6
9.Nxc6 Qxc6 10.f4 Nf6 11.e5 b4 12.Nb1 Nd5 13.c4 bxc3 14.Nxc3 Nxc3 15.bxc3 Bc5+
16.Kh1 g6 17.a4 O-O 18.Ba3 Bxa3 19.Rxa3 f6 20.Rb3 fxe5 21.Rfb1 e4 22.Rxb7 exd3
23.Qxd3 Rad8 24.Qd4 Rf5 25.h3 Rd5 26.Qf6 Rf8 27.Rb8 Qd6 28.Rxf8+ Qxf8 29.Qh4 Kg7
30.Qf2 Qf5 31.Rc1 Qd3 32.Qh4 Rf5 33.Qe7+ Rf7 34.Qb4 Qe3 35.Rd1 d5 36.Qd6 a5
37.Rb1 Kh6 38.Qe5 Qxe5 39.fxe5 Kg5 40.Kh2 Rc7 41.Rf1 Rxc3 42.Rf6 Ra3 43.Rxe6 Kf5
44.Re8 Rxa4 45.e6 Re4 46.e7 Kf6 47.Rf8+ Kxe7 48.Ra8 Ke6 49.Rxa5 Rf4 50.Ra6+ Ke5
51.Ra7 d4 52.Kg3 Rf5 53.Re7+ Kd5 54.Rxh7 d3 55.Ra7 Ke4 56.h4 Ke3 57.Re7+ Kd2
58.Re6 Kc3 59.Rc6+ Kb3 60.Rb6+ Kc2 61.Rc6+ Kd1  1/2-1/2

[Event "Lost Boys Open"]
[Site "Amsterdam NED"]
[Date "2002.08.02"]
[Round "8"]
[White "Wiersma,E"]
[Black "Van der Spek,HP"]
[Result "1-0"]
[WhiteElo "2382"]
[BlackElo "2243"]

1.e4 c5 2.Nf3 e6 3.d4 cxd4 4.Nxd4 a6 5.Nc3 b5 6.Bd3 d6 7.O-O Bb7 8.a4 b4
9.Na2 e5 10.Nf5 Nc6 11.Bd2 a5 12.c3 bxc3 13.Nxc3 Nf6 14.Bg5 h6 15.Qb3 hxg5
16.Qxb7 Qc8 17.Ba6 Na7 18.Bb5+ Nxb5 19.Qxb5+ Qd7 20.Rfd1 g6 21.Nxd6+ Bxd6
22.Rxd6 Qxb5 23.axb5 Ke7 24.Ra6 Rad8 25.R6xa5 Rd4 26.b6 Nd7 27.Rb5 f6 28.b7 Nb8
29.Nd5+ Kf7 30.f3 f5 31.Nc3 g4 32.fxg4 fxe4 33.Rxe5 Rb4 34.Rf1+ Kg7 35.Re7+  1-0

[Event "8th Open"]
[Site "Chambery FRA"]
[Date "2002.08.05"]
[Round "4"]
[White "Sprenger,J"]
[Black "Horvath,Jo"]
[Result "0-1"]
[WhiteElo "2426"]
[BlackElo "2535"]

1.e4 c5 2.Nf3 e6 3.d4 cxd4 4.Nxd4 a6 5.Nc3 Qc7 6.Bd3 Nc6 7.Be3 Nf6 8.O-O Ne5
9.h3 Bc5 10.Kh1 d6 11.f4 Ng6 12.Qe1 Bd7 13.f5 Ne5 14.Qg3 O-O 15.Nce2 exf5
16.exf5 Qd8 17.a3 Re8 18.b4 Bb6 19.Nf4 Nxd3 20.cxd3 Re5 21.Qf3 Qb8 22.Nc2 Qa7
23.Rae1 Rae8 24.Bxb6 Qxb6 25.Rxe5 Rxe5 26.d4 Bc6 27.Qg3 Re8 28.Re1 Be4 29.Qc3 Bxc2
30.Rxe8+ Nxe8 31.Qxc2 Qxd4 32.Ne2 Qe3 33.a4 h6 34.Kh2 d5 35.g3 Qf2+ 36.Kh1 Nd6
37.Qd3 Ne4 38.g4 Qxe2  0-1

[Event "6th HZ Open"]
[Site "Vlissingen NED"]
[Date "2002.08.06"]
[Round "4"]
[White "Werle,J"]
[Black "Tagnon,N"]
[Result "1-0"]
[WhiteElo "2443"]
[BlackElo "2072"]

1.e4 c5 2.Nf3 e6 3.d4 cxd4 4.Nxd4 a6 5.Nc3 b5 6.Bd3 Bb7 7.O-O Ne7 8.Kh1 Nec6
9.Nb3 Be7 10.f4 d6 11.Bd2 Nd7 12.a3 O-O 13.Qh5 Nf6 14.Qh3 e5 15.f5 Ne8 16.Nd5 Bf6
17.Rf3 Ne7 18.Nxf6+ Nxf6 19.Qh4 d5 20.Rg3 Kh8 21.Bg5 Neg8 22.Nc5 Bc6 23.Re1 Qd6
24.exd5 Bxd5 25.Be3 Ne7 26.Rf1 Qc6 27.b4 Neg8 28.Qg5 Ne8 29.f6 Ngxf6 30.Qxe5 Rd8
31.Bd4 Qd6 32.Qxd6 Rxd6 33.Be5 Rd8 34.Nxa6 Bc4 35.Bxc4 bxc4 36.Nc5 Rd5 37.Bc3 Nh5
38.Rg4 Nd6 39.Nd7 Re8 40.Nb6 Nf6 41.Bxf6 Rf5 42.Bxg7+  1-0

[Event "9th Open"]
[Site "Nice FRA"]
[Date "2002.08.07"]
[Round "3"]
[White "Moldovan,D"]
[Black "Sulava,N"]
[Result "1/2-1/2"]
[WhiteElo "2459"]
[BlackElo "2556"]

1.e4 c5 2.Nf3 e6 3.d4 cxd4 4.Nxd4 a6 5.Nc3 b5 6.Bd3 Bc5 7.Nb3 Ba7 8.Qe2 Nc6
9.Be3 d6 10.a3 Nge7 11.O-O O-O 12.Rad1 Ng6 13.f4 e5 14.Bxa7 Rxa7 15.f5 Nf4  1/2-1/2

[Event "FSIMB August"]
[Site "Budapest HUN"]
[Date "2002.08.08"]
[Round "6"]
[White "Namyslo,H"]
[Black "Ngo,N"]
[Result "1-0"]
[WhiteElo "2315"]
[BlackElo "2172"]

1.e4 c5 2.Nf3 e6 3.d4 cxd4 4.Nxd4 a6 5.Nc3 Qc7 6.Be2 Nf6 7.O-O b5 8.Bf3 e5
9.Nf5 b4 10.Nd5 Nxd5 11.Qxd5 Bb7 12.Qd3 Nc6 13.c3 bxc3 14.bxc3 Na5 15.Rd1 g6
16.Ne3 Bc5 17.Ng4 Be7 18.Bh6 Nc4 19.Rab1 O-O-O 20.Bg7 Rhg8 21.Bf6 Rge8 22.Be2 Na3
23.Rxb7 Qxb7 24.Bxe7 Rxe7 25.Qd6 Re6 26.Qxa3 Qxe4 27.Bxa6+ Kb8 28.Qa5 Rde8
29.Ne3  1-0

[Event "8th Open"]
[Site "Chambery FRA"]
[Date "2002.08.08"]
[Round "7"]
[White "Vion,J"]
[Black "Andreeva,M"]
[Result "1/2-1/2"]
[WhiteElo "2258"]
[BlackElo "2098"]

1.e4 c5 2.Nc3 e6 3.Nf3 a6 4.d4 cxd4 5.Nxd4 Nc6 6.Nxc6 bxc6 7.Bd3 Qc7 8.O-O Nf6
9.Qe2 d5 10.f4 Be7 11.e5 Nd7 12.Qg4 g6 13.Na4 c5 14.b3 Bb7 15.Be3 Bc6 16.Nb2 a5
17.a4 Rb8 18.Rab1 Nb6 19.Qe2 O-O  1/2-1/2

[Event "Juventus"]
[Site "Bucharest ROM"]
[Date "2002.08.10"]
[Round "6"]
[White "Gheng,J"]
[Black "Nita,L"]
[Result "1-0"]
[WhiteElo "2373"]
[BlackElo "2265"]

1.e4 c5 2.Nf3 e6 3.Nc3 a6 4.d4 cxd4 5.Nxd4 b5 6.Bd3 Bb7 7.O-O Qc7 8.Bg5 Be7
9.Qg4 h5 10.Qh4 f6 11.Be3 g5 12.Qg3 Qxg3 13.hxg3 Nh6 14.f3 Bc5 15.Rfe1 Nf7
16.Nb3 Bxe3+ 17.Rxe3 Nc6 18.Nc5 Bc8 19.a4 b4 20.Nd5 exd5 21.exd5+ Nce5 22.f4 d6
23.Nb3 Bb7 24.fxe5 fxe5 25.Be4 a5 26.c3 Ke7 27.c4 h4 28.c5 hxg3 29.Rxg3 Rh4
30.Re1 Rxe4 31.Rxe4 Bxd5 32.cxd6+ Kxd6 33.Rd3 Kc6 34.Re2 Bxb3 35.Rxb3 Kd5
36.Rd3+ Ke6 37.Rc2 g4 38.Rg3 Rg8 39.Rc5 Kf5 40.Rxa5 Nd6 41.Rd3 Nc4 42.Rb5 Nxb2
43.Rd2 Nxa4 44.Re2 Re8 45.Rf2+ Kg5 46.Rxb4 Nc5 47.Rf7 Ne6 48.Re4 Nf4 49.Rfxf4 exf4
50.Rxe8  1-0

[Event "It"]
[Site "Sudak UKR"]
[Date "2002.08.11"]
[Round "12"]
[White "Polivanov,A"]
[Black "Savon,V"]
[Result "0-1"]
[WhiteElo "2349"]
[BlackElo "2421"]

1.e4 c5 2.Nf3 e6 3.d4 cxd4 4.Nxd4 a6 5.Nc3 b5 6.Bd3 Ne7 7.O-O Nbc6 8.Nxc6 Nxc6
9.f4 Bb7 10.Kh1 Be7 11.a3 d6 12.b4 Bf6 13.Bb2 Bd4 14.Rf3 O-O 15.Rg3 g6 16.Bf1 Rc8
17.a4 e5 18.axb5 axb5 19.Rd3 Nxb4 20.Rxd4 exd4 21.Nxb5 Qf6 22.Qd2 Nxc2 23.Nxd4 Bxe4
24.Ra6 Nxd4 25.Bxd4 Qe6 26.Ba1 Qd5 27.Qb2 f6 28.Ra4 Rf7 29.Rd4 Qe6 30.Qa3 Rc2
31.Rxd6 Bxg2+ 32.Kg1 Qe1 33.Rd8+ Kg7 34.Bxf6+ Rxf6 35.Rd7+ Kh6 36.Rd1 Qf2+  0-1

[Event "FSGM August"]
[Site "Budapest HUN"]
[Date "2002.08.12"]
[Round "10"]
[White "Balogh,C"]
[Black "Bui Vinh"]
[Result "0-1"]
[WhiteElo "2441"]
[BlackElo "2444"]

1.e4 c5 2.Nf3 e6 3.d4 cxd4 4.Nxd4 a6 5.Nc3 Qc7 6.Be3 b5 7.Bd3 Bb7 8.O-O Nf6
9.a3 Nc6 10.Nxc6 dxc6 11.f4 c5 12.e5 Nd5 13.Nxd5 Bxd5 14.Be2 Rd8 15.Qe1 c4
16.Qf2 Be7 17.Rad1 O-O 18.c3 Qc6 19.Rd2 Be4 20.Rfd1 Rxd2 21.Rxd2 Rd8 22.Rxd8+ Bxd8
23.Bd4 a5 24.g3 g6 25.Bf1 Be7 26.Bg2 b4 27.axb4 axb4 28.Qe2 Bxg2 29.Qxg2 Qa4
30.Qb7 Qa1+ 31.Kg2 Qxb2+ 32.Kh3 Bf8 33.Qc8 Kg7 34.f5 Qe2 35.f6+ Kh6 36.Qxf8+ Kh5
37.Qa8 Qf2 38.Qg2 Qxg2+ 39.Kxg2 b3 40.Be3 b2 41.h3 g5 42.g4+ Kg6  0-1

[Event "ch-AUT"]
[Site "Oberpullendorf AUT"]
[Date "2002.08.12"]
[Round "3"]
[White "Testor,S"]
[Black "Genser,H"]
[Result "0-1"]
[WhiteElo "2164"]
[BlackElo "2248"]

1.e4 c5 2.Nf3 e6 3.d4 cxd4 4.Nxd4 a6 5.Nc3 Qc7 6.Be2 Bb4 7.Qd3 Nf6 8.Bd2 O-O
9.O-O Bxc3 10.Bxc3 d5 11.e5 Qxe5 12.f4 Qc7 13.Nf3 Ne4 14.Ng5 f5 15.Be5 Qe7
16.Nxe4 fxe4 17.Qe3 Nc6 18.c4 Nxe5 19.fxe5 Bd7 20.Qb6 Bc6 21.b4 dxc4 22.Bxc4 Bd5
23.Rac1 Rac8 24.Rxf8+ Kxf8 25.Rf1+ Kg8 26.Bxd5 exd5 27.e6 Rc6 28.Qa5 b5 29.a4 Rxe6
30.axb5 Qa7+ 31.Rf2 Qb6 32.Qxa6 Qxa6 33.bxa6 Rxa6 34.Rf5 Rd6 35.Rf4 g6 36.Kf2 Rb6
37.Ke3 Rxb4 38.Rf6 Rb3+ 39.Kf4 Rb2 40.Ke5 Rxg2 41.h4 Rg4 42.h5 Rg5+  0-1

[Event "11th Open"]
[Site "Kavala GRE"]
[Date "2002.08.14"]
[Round "6"]
[White "Khamatgaleev,A"]
[Black "Banikas,H"]
[Result "1-0"]
[WhiteElo "2416"]
[BlackElo "2521"]

1.e4 c5 2.Nf3 e6 3.Nc3 a6 4.d4 cxd4 5.Nxd4 Qc7 6.Bd3 b5 7.O-O Bb7 8.Re1 Nc6
9.Nxc6 Qxc6 10.a4 b4 11.Nd5 Nf6 12.c4 bxc3 13.Nxc3 Bd6 14.Bg5 h6 15.Bxf6 gxf6
16.Nd5 Be5 17.Rc1 Qd6 18.Nc7+ Qxc7 19.Rxc7 Bxc7 20.Qd2 Bc6 21.b3 Ke7 22.Bc4 Rab8
23.Bd5 Bxd5 24.exd5 Rxb3 25.dxe6 fxe6 26.Rd1 d5 27.Qc2 Rb7 28.Qg6 Rf8 29.Qxh6 Rb4
30.Qh7+ Rf7 31.Qc2 Rc4 32.Qb3 Rf8 33.g3 Rb8 34.Qe3 Bb6 35.Qh6 Bd4 36.Qg7+ Kd6
37.Rd2 Rc7 38.Qg6 Be5 39.Qd3 a5 40.h4 Rb6 41.Kg2 f5 42.Qe3 d4 43.Rxd4+ Bxd4
44.Qxd4+ Kc6 45.Qc3+ Kd6 46.Qxa5 Rb2 47.Qa6+ Ke7 48.a5 Rd7 49.Qc4 Rbb7 50.Qc3 Rbc7
51.Qe5 Kf7 52.h5 Rc6 53.Kh3 Ra6 54.Kh4 Rda7 55.Kg5 f4 56.Qxf4+ Kg8 57.Qb8+ Kh7
58.Qb1+ Kg8 59.Kh4 Kh8 60.Qb2+ Kg8 61.Qe5 Kf7 62.Qf4+ Ke7 63.h6 Ke8 64.Qb8+  1-0

[Event "11th Open"]
[Site "Kavala GRE"]
[Date "2002.08.17"]
[Round "9"]
[White "Khamatgaleev,A"]
[Black "Janssen,R"]
[Result "1-0"]
[WhiteElo "2416"]
[BlackElo "2468"]

1.e4 c5 2.Nf3 e6 3.Nc3 a6 4.d4 cxd4 5.Nxd4 b5 6.Be2 Bb7 7.Bf3 Qc7 8.O-O b4
9.Nd5 exd5 10.exd5 d6 11.Re1+ Ne7 12.Bg5 Nd7 13.Bxe7 Bxe7 14.Nf5 Ne5 15.Rxe5 dxe5
16.d6 Qc8 17.dxe7 Qxf5 18.Bg4  1-0

[Event "ch-AUT"]
[Site "Oberpullendorf AUT"]
[Date "2002.08.17"]
[Round "8"]
[White "Eder,M"]
[Black "Alvir,A"]
[Result "0-1"]
[WhiteElo "2211"]
[BlackElo "2383"]

1.e4 c5 2.Nf3 e6 3.Nc3 a6 4.d4 cxd4 5.Nxd4 Nc6 6.Be3 Nf6 7.Bd3 Qc7 8.O-O Ne5
9.h3 b5 10.f4 Nc4 11.Bxc4 Qxc4 12.Qd3 Bb7 13.Qxc4 bxc4 14.e5 Ng8 15.Na4 Rb8
16.Nf3 Ne7 17.b3 Nd5 18.Bc5 Rc8 19.Bxf8 Rxf8 20.Nd4 f5 21.b4 Rc7 22.a3 Ke7
23.Rf3 a5 24.Nc3 axb4 25.Nxd5+ Bxd5 26.Rg3 b3 27.cxb3 cxb3 28.Nxb3 Rb8 29.Nd4 g6
30.a4 Rc4 31.Ne2 Rb2 32.Nc3 Bc6 33.a5 Rc2 34.Ra3 Rxf4 35.a6 Rc1+ 36.Kh2 Rff1
37.Rf3 Bxf3 38.gxf3 Ra1 39.Ra2 Rxa2+  0-1

[Event "Ron Banwell"]
[Site "Coulsdon ENG"]
[Date "2002.08.19"]
[Round "3"]
[White "Gormally,D"]
[Black "Warman,S"]
[Result "1-0"]
[WhiteElo "2525"]
[BlackElo "2139"]

1.e4 c5 2.Nc3 e6 3.Nf3 a6 4.d4 cxd4 5.Nxd4 Qc7 6.Bd3 Nf6 7.f4 Bc5 8.Nb3 Ba7
9.e5 Qb6 10.Rf1 Nd5 11.Nxd5 exd5 12.Qg4 g6 13.Bd2 Nc6 14.O-O-O d6 15.Qg5 dxe5
16.f5 e4 17.fxg6 hxg6 18.Qxd5 Be6 19.Qxe4 O-O-O 20.Bf4 Nb4 21.Kb1 Rh4 22.Qe1 Bxb3
23.Qc3+ Nc6 24.axb3 Rd5 25.Be3  1-0

[Event "Open"]
[Site "Birstonas LIT"]
[Date "2002.08.20"]
[Round "4"]
[White "Bucinskas,V"]
[Black "Butnorius,A"]
[Result "1/2-1/2"]
[WhiteElo "2249"]
[BlackElo "2436"]

1.e4 c5 2.Nf3 e6 3.Nc3 a6 4.d4 cxd4 5.Nxd4 Nc6 6.Be3 Nf6 7.Nxc6 bxc6 8.e5 Nd5
9.Nxd5 cxd5 10.Qd4 Qc7 11.Bd3 Be7 12.O-O O-O 13.c4 Bb7 14.Rfc1 Qb8 15.Rc3 Rc8
16.c5 a5 17.Rac1 Ba6 18.Bxa6 Rxa6 19.Rb3 Qc7 20.a4 d6 21.exd6 Bxd6 22.g3 Be5
23.Qd3 Rc6 24.Rb5 Qa7 25.Bd4 Bxd4 26.Qxd4 h6 27.Kg2 Qc7 28.Qc3  1/2-1/2

[Event "22nd Open"]
[Site "Bratto ITA"]
[Date "2002.08.21"]
[Round "2"]
[White "Drabke,L"]
[Black "Epishin,V"]
[Result "0-1"]
[WhiteElo "2362"]
[BlackElo "2643"]

1.e4 c5 2.Nf3 e6 3.d4 cxd4 4.Nxd4 a6 5.Nc3 b5 6.Bd3 Qb6 7.Be3 Bc5 8.Be2 Nc6
9.Nxc6 Qxc6 10.Bd4 Ne7 11.Bf3 Qb6 12.Bxg7 Rg8 13.Bf6 Bxf2+ 14.Kf1 Bb7 15.a4 Rg6
16.Be5 Nc6 17.Bf4 Bd4 18.axb5 axb5 19.Rxa8+ Bxa8 20.Qd3 Ne5 21.Qxb5 Nxf3
22.Qxb6 Bxb6 23.gxf3 Rf6 24.Ne2 e5 25.Bxe5 Rxf3+ 26.Ke1 Bxe4 27.Rf1 Rxf1+
28.Kxf1 Bxc2 29.Nf4 Bb3 30.Ke2 Ke7 31.Kd3 f6 32.Bd4 Bc7 33.Ke3 Be5 34.Bc5+ d6
35.Bd4 Kd7 36.Bc3 Bf7 37.Ke4 Bg6+ 38.Ke3 Kc6 39.Bd4 Bf7 40.Ke4 Kb5 41.Bc3 Bg6+
42.Ke3 Kc4 43.Kf3 d5  0-1

[Event "Open"]
[Site "Nikea GRE"]
[Date "2002.08.21"]
[Round "3"]
[White "Stoumbos,K"]
[Black "Kalesis,N"]
[Result "0-1"]
[WhiteElo "2144"]
[BlackElo "2411"]

1.e4 c5 2.Nf3 e6 3.d4 cxd4 4.Nxd4 a6 5.Nc3 Qc7 6.Be3 Bb4 7.Qd2 Nf6 8.f3 d5
9.O-O-O e5 10.exd5 exd4 11.Bxd4 Nbd7 12.Qg5 O-O 13.d6 Qa5 14.Qxa5 Bxa5 15.g4 Bxc3
16.Bxc3 b6 17.Bh3 Rd8 18.Rhe1 Bb7 19.Bxf6 Nxf6 20.g5 Ne8 21.d7 Nc7 22.Rd6 b5
23.a4 Bxf3 24.Re3 Bd5 25.axb5 axb5 26.Rc3 Be6 27.Bg2 Ra7 28.Bc6 Kf8 29.Rc5 Ke7
30.Rd4 Bxd7 31.Re5+ Be6 32.Rxd8 Kxd8 33.Bxb5 Ra5 34.c4 Bxc4  0-1

[Event "22nd Open"]
[Site "Bratto ITA"]
[Date "2002.08.22"]
[Round "3"]
[White "Ranieri,F"]
[Black "Drabke,L"]
[Result "0-1"]
[WhiteElo "2161"]
[BlackElo "2362"]

1.e4 c5 2.Nf3 e6 3.d4 cxd4 4.Nxd4 a6 5.Nc3 b5 6.Bd3 Qb6 7.Nb3 Qc7 8.O-O Bb7
9.f4 b4 10.Ne2 Nf6 11.Ng3 h5 12.Qf3 a5 13.Bd2 a4 14.Nc1 h4 15.Nh1 h3 16.gxh3 Ra5
17.Ne2 Rah5 18.Nf2 Bc5 19.Be3 d5 20.Ng3 dxe4 21.Ngxe4 Bxe3 22.Qxe3 Nd5 23.Bb5+ Kf8
24.Qd4 Nxf4 25.Qxb4+ Kg8 26.Qd6 Qxd6 27.Nxd6 Rg5+ 28.Ng4 Nxh3+  0-1

[Event "XIV Open"]
[Site "Porto San Giorgio ITA"]
[Date "2002.08.22"]
[Round "3"]
[White "Zufic,M"]
[Black "Ortega,Le"]
[Result "1/2-1/2"]
[WhiteElo "2349"]
[BlackElo "2467"]

1.e4 c5 2.Nf3 e6 3.d4 cxd4 4.Nxd4 a6 5.Nc3 Qc7 6.Bd3 Nc6 7.Be3 b5 8.O-O Bb7
9.Nxc6 Bxc6 10.Qe2 Nf6 11.Bd4 Be7 12.e5 Nd5 13.Nxd5 Bxd5 14.a4 bxa4 15.Rxa4 a5
16.Bc3 O-O 17.Qh5 g6 18.Rg4 Rfc8 19.Re1 Qd8 20.Rxg6+ fxg6 21.Bxg6 hxg6 22.Qxg6+ Kh8
23.Qh6+ Kg8 24.Qg6+ Kh8 25.Qh6+  1/2-1/2

[Event "Open"]
[Site "Birstonas LIT"]
[Date "2002.08.24"]
[Round "8"]
[White "Dzjuba,V"]
[Black "Genutis,M"]
[Result "1-0"]
[WhiteElo "2283"]
[BlackElo "2214"]

1.e4 c5 2.Nc3 e6 3.Nf3 a6 4.d4 cxd4 5.Nxd4 Nc6 6.g3 Qc7 7.Bg2 Nf6 8.O-O Bc5
9.Nxc6 dxc6 10.Na4 Ba7 11.c4 Nd7 12.Qc2 Bd4 13.c5 e5 14.Bd2 Nf8 15.Kh1 h5
16.f4 h4 17.f5 hxg3 18.h3 Qe7 19.Rf3 Nd7 20.Be3 Qh4 21.Qd3 Nf6 22.Bxd4 exd4
23.Rxg3 Ng4 24.Rf1 Ne5 25.Qb3 Kf8 26.Nb6 Rb8 27.Kh2 Bd7 28.Qd1 Rd8 29.Qxd4 f6
30.Qd6+ Ke8 31.Rxg7 Nf7 32.Rxf7 Kxf7 33.Nxd7 Rhe8 34.e5 fxe5 35.Qg6+  1-0

[Event "13th Summer Open"]
[Site "Recklinghausen GER"]
[Date "2002.08.24"]
[Round "8"]
[White "Ciornei,D"]
[Black "Genkin,M"]
[Result "1/2-1/2"]
[WhiteElo "2223"]
[BlackElo "2296"]

1.e4 c5 2.Nf3 e6 3.d4 cxd4 4.Nxd4 a6 5.Nc3 Qc7 6.g3 Nf6 7.Bg2 Nc6 8.O-O Nxd4
9.Qxd4 Bc5 10.Bf4 Bxd4 11.Bxc7 d5 12.Rfd1 Bxc3 13.bxc3 Bd7 14.exd5 Nxd5 15.Bxd5 exd5
16.Rxd5 Be6 17.Rc5 O-O  1/2-1/2

[Event "Open"]
[Site "Birstonas LIT"]
[Date "2002.08.25"]
[Round "9"]
[White "Asauskas,H"]
[Black "Bercys,S"]
[Result "1-0"]
[WhiteElo "2384"]
[BlackElo "2174"]

1.e4 c5 2.Nf3 e6 3.d4 cxd4 4.Nxd4 a6 5.Nc3 Qc7 6.Bd3 Nc6 7.Nxc6 dxc6 8.O-O e5
9.f4 Bd6 10.f5 Nf6 11.a4 O-O 12.Kh1 h6 13.a5 Bb4 14.Qe1 Nh7 15.f6 Nxf6 16.Rxf6 gxf6
17.Bxh6 Kh7 18.Qh4 Rh8 19.Qxf6 Bf8 20.Bxf8 Rxf8 21.Nd5 Qd8 22.Ne7 Qd4 23.Qh4+ Kg7
24.Qg5+ Kh7 25.Rf1 Qd6 26.Rf6 Qxf6 27.Qxf6 Be6 28.Nf5 Bxf5 29.exf5 e4 30.Qh4+ Kg8
31.Qg5+ Kh8 32.f6  1-0

[Event "XIV Open"]
[Site "Porto San Giorgio ITA"]
[Date "2002.08.25"]
[Round "6"]
[White "Aleksic,Nen1"]
[Black "Rotstein,A"]
[Result "0-1"]
[WhiteElo "2393"]
[BlackElo "2557"]

1.e4 c5 2.Nf3 e6 3.Nc3 a6 4.d4 cxd4 5.Nxd4 b5 6.g3 Bb7 7.Bg2 Nf6 8.Qe2 b4
9.Na4 Qa5 10.b3 Nc6 11.Be3 Nxd4 12.Bxd4 Qb5 13.Qd3 Be7 14.O-O Bc6 15.Nb6 Rb8
16.Nc4 O-O 17.Be5 Ra8 18.Rad1 a5 19.Rfe1 Ng4 20.Bd6 Bxd6 21.Qxd6 f6 22.f4 Ra6
23.Qd2 e5 24.Bf3 Nh6 25.Qe3 Nf7 26.Be2 exf4 27.gxf4 Qb8 28.Nd6 Nxd6 29.Bxa6 Nxe4
30.Bc4+ Kh8 31.Bd5 Nc3 32.Bxc6 Nxd1 33.Rxd1 dxc6 34.Rd7 h6 35.Kg2 Qb5 36.Kg3 Qh5
37.Qf3 Qc5 38.Qf2 Qc3+ 39.Rd3 Qa1 40.Rd6 Re8 41.Kg4 a4 42.bxa4 Qxa2  0-1

[Event "ch-Arab"]
[Site "Casablanca MAR"]
[Date "2002.08.29"]
[Round "4"]
[White "Eid,Fa"]
[Black "Ahmed,Es"]
[Result "1-0"]
[WhiteElo "2384"]
[BlackElo "2424"]

1.e4 c5 2.Nf3 e6 3.d4 cxd4 4.Nxd4 a6 5.Nc3 Qc7 6.a3 Nf6 7.Be3 b5 8.Bd3 Bb7
9.O-O Bc5 10.Bxb5 axb5 11.Ndxb5 Qc6 12.Bxc5 Qxc5 13.Nd6+ Ke7 14.Nxb7 Qc7
15.e5 Qxe5 16.Qf3 Nc6 17.Rad1 Rhb8 18.Rfe1 Qc7 19.Nc5 Ne5 20.Qg3 Qxc5 21.Rxe5 Qc6
22.b4 d6 23.Re3 Rxa3 24.Red3 Rxb4 25.Rxd6 Qc5 26.R6d3 Rc4 27.Qb8 Qc7 28.Qxc7+ Rxc7
29.Nd5+ Nxd5 30.Rxa3 Rxc2 31.Ra7+ Kf6 32.g3 h5 33.Rb1 Rc7 34.Rxc7 Nxc7 35.Rb7 Nd5
36.Kg2 g6 37.Kf3 Ne7 38.Ke4 Nf5 39.Rc7 Nh6 40.h3 g5 41.Ra7 Nf5 42.Ra5 Nd6+
43.Kd4 Nf5+ 44.Kc5 h4 45.g4 Ne7 46.Kd6 Ng6 47.Ra3 Kg7 48.Kd7 Nf4 49.Rf3 Kg6
50.Kd6 f5 51.Rxf4 gxf4 52.g5 Kxg5 53.Kxe6 Kg6 54.f3 Kg5 55.Kf7  1-0

[Event "GP"]
[Site "Izmir TUR"]
[Date "2002.08.30"]
[Round "3"]
[White "Atakisi,U"]
[Black "Guliev,S"]
[Result "0-1"]
[WhiteElo "2361"]
[BlackElo "2481"]

1.e4 c5 2.Nf3 e6 3.d4 cxd4 4.Nxd4 a6 5.Nc3 Qc7 6.Bd3 Nf6 7.O-O Nc6 8.Be3 Nxd4
9.Bxd4 Bc5 10.Bxc5 Qxc5 11.Kh1 b5 12.a3 Bb7 13.f4 d6 14.Qe1 O-O 15.Qh4 Rfd8
16.Rf3 h6 17.Raf1 b4 18.Rg3 Kf8 19.e5 dxe5 20.axb4 Qxb4 21.Na2 Qd4 22.c3 Qa4
23.Nb4 e4 24.f5 e5 25.Nc2 Qb3 26.Na1 Qxb2 27.Bc4 e3  0-1